Statistiques concernant Devinez l'État Américain Mystère #50

Cliquez ici pour prendre le quiz!

Statistiques générales

  • Ce quiz a été pris 191 fois
  • Le résultat moyen est 28 sur 32

Statistiques - réponses

Type de RéponseRéponse% Correct
Lettre TrouvéeA
99%
Lettre TrouvéeI
99%
Lettre de l'AlphabetN
99%
Lettre de l'AlphabetO
99%
Lettre de l'AlphabetR
98%
Lettre de l'AlphabetS
98%
Lettre de l'AlphabetE
97%
Lettre de l'AlphabetD
94%
Lettre de l'AlphabetL
94%
Lettre TrouvéeW
94%
Lettre de l'AlphabetK
93%
Lettre de l'AlphabetM
93%
Lettre TrouvéeH
92%
Lettre de l'AlphabetT
92%
Lettre de l'AlphabetC
91%
Lettre de l'AlphabetG
90%
Lettre de l'AlphabetU
87%
Lettre de l'AlphabetY
87%
Lettre de l'AlphabetB
85%
Lettre de l'AlphabetF
85%
Lettre Bien PlacéeA
82%
Lettre de l'AlphabetV
82%
Lettre de l'AlphabetX
82%
Lettre de l'AlphabetP
76%
Lettre Bien PlacéeA
75%
Lettre de l'AlphabetZ
75%
Lettre de l'AlphabetJ
72%
Lettre de l'AlphabetQ
72%
Lettre Bien PlacéeH
70%
État MystèreHawaï
70%
Lettre Bien PlacéeÏ
70%
Lettre Bien PlacéeW
70%

Distribution des résultats

Percentile par nombre de réponses

% des personnes avec chaque résultat

Votre développement - résultats

Vous n’avez pas pris ce quiz